000 00478nam a2200157Ia 4500
999 _c20105
_d20105
003 OSt
005 20200624141625.0
008 190216s9999||||xx |||||||||||||| ||und||
040 _coclc
082 _a954.90420924
_bWOL/J
100 _aWolpert, Stanley
_93196
245 0 _aJinnah Of Pakistan /
_cStanley Wolpert
260 _bOxford University Press,
_c1984.
_aNew Delhi:
300 _a421p
942 _cBK
_2ddc
_h954.90420924
_iWOL/J
_k954.90420924
_mWOL/J